K-pop: BABYMONSTER Members - Images - Statistics

General Stats
  • This quiz has been taken 32 times
  • The average score is 7 of 7
Answer Stats
Picture Answer % Correct
Ahyeon
100%
Rami
96%
Asa
93%
Pharita
93%
Rora
93%
Ruka
93%
Chiquita
89%
No matching quizzes found
Score Distribution
Percent of People with Each Score
Percentile by Number Answered
Your Score History
You have not taken this quiz